000 00299nam a2200133Ia 4500
005 20260328104304.0
008 260328s9999||||xx |||||||||||||| ||und||
100 _aPlutarco
245 0 _aVidas Paralelas /
_cPlutarco
260 _bVergara
300 _a903 p.
650 _aHISTORIA
942 _cBK
999 _c10701
_d10701